MARC details
| 000 -CABECERA |
| campo de control de longitud fija |
00939nam a2200241 a 4500 |
| 001 - NÚMERO DE CONTROL |
| campo de control |
000041185 |
| 005 - FECHA Y HORA DE LA ÚLTIMA TRANSACCIÓN |
| campo de control |
20201002034705.0 |
| 008 - DATOS DE LONGITUD FIJA--INFORMACIÓN GENERAL |
| campo de control de longitud fija |
101220s2002 sp r 000 0 spa d |
| 020 ## - NÚMERO INTERNACIONAL ESTÁNDAR DEL LIBRO |
| Número Internacional Estándar del Libro |
8484831515 |
| 040 ## - FUENTE DE LA CATALOGACIÓN |
| Centro catalogador/agencia de origen |
DO-SdBNP |
| Lengua de catalogación |
spa |
| Centro/agencia transcriptor |
BNPHU |
| 082 ## - NÚMERO DE LA CLASIFICACIÓN DECIMAL DEWEY |
| Número de clasificación |
xxxx |
| Número de documento/Ítem |
xxxx |
| 049 ## - FONDOS LOCALES (OCLC) |
| Fondos de biblioteca |
BNGR |
| 100 1# - ENTRADA PRINCIPAL--NOMBRE DE PERSONA |
| Nombre de persona |
Carmona Vázquez, Antonio |
| 9 (RLIN) |
67748 |
| 245 10 - MENCIÓN DE TÍTULO |
| Título |
Coindencias de lo trágico entre Eurípides y Federico García Lorca / |
| Mención de responsabilidad, etc. |
Antonio Carmona Vázquez ; prólogo Manuel J. Ramos Ortega. |
| 260 ## - PUBLICACIÓN, DISTRIBUCIÓN, ETC. |
| Lugar de publicación, distribución, etc. |
Alcañiz : |
| Nombre del editor, distribuidor, etc. |
Instituto de Estudios Humanísticos ; |
| Lugar de publicación, distribución, etc. |
Madrid : |
| Nombre del editor, distribuidor, etc. |
Laberinto, |
| Fecha de publicación, distribución, etc. |
2002. |
| 300 ## - DESCRIPCIÓN FÍSICA |
| Extensión |
190 p. ; |
| Dimensiones |
25 cm . |
| 490 1# - MENCIÓN DE SERIE |
| Mención de serie |
Textos y estudios humanísticos |
| -- |
estudio |
| Designación de volumen o secuencia |
3 |
| 504 ## - NOTA DE BIBLIOGRAFÍA, ETC. |
| Nota de bibliografía, etc. |
Bibliografía : p. 165-187 |
| 500 ## - NOTA GENERAL |
| Nota general |
Incluye índice |
| 504 ## - NOTA DE BIBLIOGRAFÍA, ETC. |
| Nota de bibliografía, etc. |
Incluye referencias bibliográficas y notas al pie de las páginas |
| 700 1# - PUNTO DE ACCESO ADICIONAL--NOMBRE DE PERSONA |
| Nombre de persona |
Ramos Ortega, Manuel J. |
| Término indicativo de función/relación |
pról. |
| 9 (RLIN) |
67749 |
| 830 #0 - PUNTO DE ACCESO ADICIONAL DE SERIE-TÍTULO UNIFORME |
| Título uniforme |
Textos y estudios humanísticos ; |
| Nombre de parte o sección de la obra |
estudio |
| Designación de volumen o secuencia |
2 |
| 9 (RLIN) |
67750 |